000 00311nam a2200121Ia 4500
008 241015s9999 xx 000 0 und d
041 _aeng
082 _a658.312 LLO
100 _aLloyd
245 _aPerformance Appraisals and Phrases For Dummies
260 _bWiley
_aNew Dehli
_c2009
300 _a342;. P. 22 cm
999 _c41621
_d41621